000 00476nam a2200181Ia 4500
001 21784
003 GE_BSU
008 181216s||||||||xx |||||||||||||| ||und||
040 _cGE_BSU
245 _aParis Match, du 7 AU 13 Decembre. №3577. 2017
260 _aParis
260 _c2017
300 _a140p. 30 cm. ill.
653 _aParis Match, du 7 AU 13 Decembre. №3577. 2017
653 _aПериодика
653 _aპერიოდიკა
942 _cCR
999 _c54717
_d54717